Respiración microbiana de un suelo en presencia de diferentes restos vegetales /

Guardado en:
Autor Principal: Campos, Mariela S.
Autor Corporativo: Universidad Nacional del Sur. Departamento de Agronomía.
Otros Autores: Sagardoy, Marcelo A., (tutor.)
Formato: Libro
Idioma:Spanish
Publicado: Bahía Blanca, 2008.
Etiquetas: Agregar Etiqueta
Sin Etiquetas, Sea el primero en etiquetar este registro!
LEADER 00711nam a22001695a 4500
001 EEA.libagro008015
005 20161117120612.0
008 130809s2008####ag#a##########000#0#spa#d
082 0 4 |a 631.46 
100 1 |a Campos, Mariela S. 
245 1 0 |a Respiración microbiana de un suelo en presencia de diferentes restos vegetales /  |c Mariela S. Campos. 
260 |a Bahía Blanca,  |c 2008. 
300 |a 42 h. :  |b il. ;  |c 30 cm. 
500 |a Trabajo de intensificación (Ingeniero Agrónomo) -- Universidad Nacional del Sur. Departamento de Agronomía, 2008. 
700 1 |a Sagardoy, Marcelo A.,  |e tutor. 
710 2 |a Universidad Nacional del Sur.  |b Departamento de Agronomía. 
859 |a AR-BbBCA  |b BIB. AGRONOMIA  |h 631.46  |i C198  |p 2008/5404